Alternatívny pohľad na miesto vedy v spoločnosti

Veda, definície, vedecká nevšemohúcnosť. Stručný pohľad na vybraný problém vedy v spoločnosti. I napriek všetkým úspechom vedy, v dnešných časoch nie je isté, či nám dokáže odpovedať na všetky (akútne) otázky alebo či dokáže ponúknuť ucelené riešenie medziľudských i medzinárodných konfliktov, či pro...

Ausführliche Beschreibung

Gespeichert in:
Bibliographische Detailangaben
1. Verfasser: Vongrej, Marián
Format: Buchkapitel
Sprache:Slowakisch
Schlagworte:
Tags: Tag hinzufügen
Keine Tags, Fügen Sie das erste Tag hinzu!

MARC

LEADER 00000nla$a2200000$$$4500
001 0093784
005 20240702114847.4
041 0 |a slo 
044 |a CZ 
245 1 0 |a Alternatívny pohľad na miesto vedy v spoločnosti  |c Marián Vongrej 
520 |a Veda, definície, vedecká nevšemohúcnosť. Stručný pohľad na vybraný problém vedy v spoločnosti. I napriek všetkým úspechom vedy, v dnešných časoch nie je isté, či nám dokáže odpovedať na všetky (akútne) otázky alebo či dokáže ponúknuť ucelené riešenie medziľudských i medzinárodných konfliktov, či problémov napr. zhoršeného životného prostredia, neustáleho vzniku nových chorôb alebo vývoja zbraní. 
610 2 0 |a veda 
610 2 0 |a definície 
610 2 0 |a výskum vedecký 
610 2 0 |a spoločnosť 
610 2 0 |a spoločnosť globálna 
100 1 |a Vongrej, Marián